[Event "9th Amplico Life Rapid"]
[Site "Warsaw POL"]
[Date "2009.12.19"]
[Round "5"]
[White "Smola,M"]
[Black "Grabarczyk,M"]
[Result "0-1"]
[WhiteElo "2240"]
[BlackElo "2475"]
[EventDate "2009.12.19"]

1. e4 e5 2. Nf3 Nc6 3. Bc4 Bc5 4. O-O Nf6 5. d3 d6 6. c3 a6 7. Bb3 Ba7 8.
Bc2 h6 9. h3 O-O 10. Nbd2 Be6 11. Re1 Re8 12. Nf1 d5 13. exd5 Bxd5 14. Ng3
Qd7 15. Be3 Bxe3 16. Rxe3 Rad8 17. Qe2 Bxf3 18. Qxf3 Nd5 19. Re4 Nf6 20.
Re2 Qd5 21. Ne4 Nxe4 22. Rxe4 Qd7 23. Rae1 Re6 24. d4 exd4 25. Rxe6 fxe6
26. Qd3 Kf8 27. Qf3+ Qf7 28. Qd3 Qf5 29. Re4 Ne5 30. Qg3 d3 31. Rxe5 dxc2
32. Rxf5+ exf5 33. Qf4 Rd1+ 34. Kh2 c1=Q 35. Qxf5+ Ke7 36. Qc5+ Kd7 37.
Qf5+ Kc6 38. Qe4+ Kb6 39. Qb4+ Kc6 40. Qe4+ Kd6 41. Qg6+ Kc5 42. Qf5+ Kb6
0-1

[Event "9th Amplico Life Rapid"]
[Site "Warsaw POL"]
[Date "2009.12.19"]
[Round "5"]
[White "Zhigalko,A"]
[Black "Maiorov,N1"]
[Result "0-1"]
[WhiteElo "2600"]
[BlackElo "2511"]
[EventDate "2009.12.19"]

1. e4 e5 2. Nf3 Nc6 3. Bb5 a6 4. Ba4 Nf6 5. O-O Be7 6. Re1 d6 7. c3 Bg4 8.
d3 Nd7 9. Be3 h6 10. h3 Bh5 11. Nbd2 Bg5 12. Bxc6 bxc6 13. d4 Bxe3 14. Rxe3
O-O 15. Qc2 Re8 16. Nf1 exd4 17. cxd4 c5 18. d5 Rb8 19. N1d2 Nf6 20. Rae1
Bg6 21. Qc1 Rb4 22. a3 Rb5 23. b3 Bh7 24. Nh2 a5 25. Nhf1 a4 26. bxa4 Ra5
27. Nc4 Rxa4 28. Nfd2 Nd7 29. e5 dxe5 30. Nxe5 Nxe5 31. Rxe5 Rxe5 32. Rxe5
f6 33. Re3 Rd4 34. Nb3 Rxd5 35. Qc4 Kh8 36. Nxc5 Bg8 37. Qb4 Qd6 0-1

[Event "9th Amplico Life Rapid"]
[Site "Warsaw POL"]
[Date "2009.12.19"]
[Round "5"]
[White "Tiviakov,S"]
[Black "Stupak,K"]
[Result "0-1"]
[WhiteElo "2664"]
[BlackElo "2456"]
[EventDate "2009.12.19"]

1. e4 e6 2. d4 d5 3. Nd2 dxe4 4. Nxe4 Nd7 5. Nf3 Ngf6 6. Nxf6+ Nxf6 7. Bd3
Be7 8. O-O O-O 9. Bg5 b6 10. Qe2 Bb7 11. c3 h6 12. Be3 Qd5 13. Ba6 Bxa6 14.
Qxa6 Rfd8 15. Rad1 Bd6 16. c4 Qf5 17. h3 Bf4 18. Qb7 Bxe3 19. fxe3 Qe4 20.
Qxe4 Nxe4 21. Ne5 f6 22. Nc6 Rd6 23. d5 a5 24. Rd4 Nc5 25. Rf3 Re8 26. Na7
exd5 27. Nb5 Rd7 28. cxd5 Re4 29. Rd2 Rb4 30. Na7 Ne4 31. Rc2 Rxd5 32. Nc6
Rd1+ 33. Kh2 Rb5 34. Ne7+ Kh7 35. Rxc7 Rxb2 36. Rf4 Ng5 37. Nf5 Ne6 38. Rg4
Rd5 39. Re7 Rxf5 40. Rxe6 Re5 41. Rc6 b5 42. a4 bxa4 43. Rxa4 Rxe3 44. Rc7
Re5 45. h4 h5 46. Ra3 Re4 47. Rxa5 Rxh4+ 48. Kg1 Kh6 49. Rcc5 g6 50. Rc6
Rg4 51. Rxf6 Rgxg2+ 52. Kh1 Rgc2 53. Ra1 Rh2+ 54. Kg1 h4 55. Raa6 Rbg2+ 56.
Kf1 h3 57. Ke1 Rh1+ 58. Rf1 Rgg1 59. Rxg1 Rxg1+ 60. Kf2 h2 0-1

[Event "9th Amplico Life Rapid"]
[Site "Warsaw POL"]
[Date "2009.12.19"]
[Round "5"]
[White "Kudzma,L"]
[Black "Akesson,R"]
[Result "1-0"]
[WhiteElo "2236"]
[BlackElo "2454"]
[EventDate "2009.12.19"]

1. d4 Nf6 2. c4 g6 3. Nc3 d5 4. cxd5 Nxd5 5. Bd2 Nb6 6. Nf3 Bg7 7. Bf4 O-O
8. e3 c5 9. dxc5 Bxc3+ 10. bxc3 Qxd1+ 11. Rxd1 Na4 12. Bh6 Bd7 13. Bxf8
Kxf8 14. Ne5 Nxc5 15. Rd5 b6 16. Be2 a6 17. O-O Ra7 18. Rfd1 Ke8 19. Bg4 e6
20. Rd6 Na4 21. R1d4 b5 22. Rxa4 bxa4 23. Rb6 Nc6 24. Nxc6 Bxc6 25. Rxc6
Rb7 26. g3 Rb2 27. Rxa6 Rxa2 28. c4 a3 29. Kg2 1-0

[Event "9th Amplico Life Rapid"]
[Site "Warsaw POL"]
[Date "2009.12.19"]
[Round "5"]
[White "Bartel,Mat"]
[Black "Sakalauskas,V"]
[Result "1/2-1/2"]
[WhiteElo "2618"]
[BlackElo "2418"]
[EventDate "2009.12.19"]

1. e4 e6 2. d4 d5 3. Nc3 Nf6 4. Bg5 dxe4 5. Nxe4 Be7 6. Bxf6 Bxf6 7. Nf3
O-O 8. g3 Nc6 9. c3 e5 10. d5 Nb8 11. Bg2 Bf5 12. Nfd2 Nd7 13. O-O Be7 14.
Nc4 Bxe4 15. Bxe4 f5 16. d6 fxe4 17. Qd5+ Kh8 18. dxe7 Qxe7 19. Qxe4 b5 20.
Ne3 Nf6 21. Qc6 Rab8 22. Nd5 Qd6 23. Qxd6 cxd6 24. Rad1 g6 25. Kg2 Nxd5 26.
Rxd5 Rf6 27. Rfd1 Rb6 28. Re1 Kg7 29. Re4 a5 30. f4 exf4 31. gxf4 Kf7 32.
Kf3 Rf5 33. Rd2 d5 34. Red4 Rbf6 35. Kg3 Ke6 36. a4 bxa4 37. Rxa4 g5 38.
Rxa5 gxf4+ 39. Kf3 Re5 40. Ra6+ Kf5 41. Rxf6+ Kxf6 42. Kxf4 Ke6 43. Kf3
Rf5+ 44. Ke3 Kd6 45. Rf2 Re5+ 46. Kd3 Rh5 47. Rd2 Kc5 48. Kc2 Rh3 49. b4+
Kc6 50. Kb3 h5 51. Kc2 h4 52. Kb2 Rf3 53. Kc2 Re3 54. Rf2 Rh3 55. Rf6+ Kc7
56. Rh6 Rxh2+ 57. Kd3 Rh1 58. Kd4 Rd1+ 59. Kc5 Rc1 60. Rh7+ Kc8 61. Rxh4
Rxc3+ 62. Kb6 Rc4 63. Rh8+ Kd7 64. b5 Kd6 65. Rd8+ Ke5 66. Ka5 Rc1 67. b6
Rb1 68. Ka6 Ra1+ 69. Kb5 Rb1+ 70. Kc6 Rc1+ 71. Kd7 Rb1 72. Re8+ Kd4 73. Re6
Kc4 74. Kc6 d4 75. Re5 d3 76. Rc5+ Kd4 77. Rd5+ Ke4 1/2-1/2

[Event "9th Amplico Life Rapid"]
[Site "Warsaw POL"]
[Date "2009.12.19"]
[Round "5"]
[White "Swiercz,D"]
[Black "Kempinski,R"]
[Result "1/2-1/2"]
[WhiteElo "2493"]
[BlackElo "2617"]
[EventDate "2009.12.19"]

1. e4 c5 2. Nf3 e6 3. Nc3 d6 4. d4 cxd4 5. Nxd4 Nc6 6. g3 Nf6 7. Bg2 Bd7 8.
O-O Be7 9. Be3 O-O 10. f4 Qc7 11. Nb3 Na5 12. Nxa5 Qxa5 13. g4 Bc6 14. g5
Nd7 15. Qe1 Rfe8 16. Nd5 Bd8 17. Nc3 Bb6 18. Rd1 Qb4 19. b3 d5 20. e5 d4
21. Ne2 Qxe1 22. Rfxe1 Nxe5 23. Bxd4 Nf3+ 24. Bxf3 Bxf3 25. Kf2 Bxe2 26.
Rxe2 Rad8 27. Red2 Rxd4 28. Rxd4 e5 29. fxe5 Rxe5 30. Kf3 Bxd4 31. Rxd4 Kf8
32. h4 Ke7 33. c4 f6 34. gxf6+ Kxf6 35. Rd7 Re7 36. Rd6+ Re6 37. Rd7 Re7
1/2-1/2

[Event "9th Amplico Life Rapid"]
[Site "Warsaw POL"]
[Date "2009.12.19"]
[Round "5"]
[White "Zeberski,J"]
[Black "Rozentalis,E"]
[Result "0-1"]
[WhiteElo "2400"]
[BlackElo "2611"]
[EventDate "2009.12.19"]

1. e4 Nf6 2. e5 Nd5 3. d4 d6 4. Nf3 g6 5. Bc4 c6 6. O-O Bg7 7. h3 dxe5 8.
Nxe5 Nd7 9. Nf3 O-O 10. Re1 e6 11. c3 c5 12. Bg5 Qb6 13. Bxd5 exd5 14. Be7
Re8 15. Bxc5 Rxe1+ 16. Qxe1 Nxc5 17. dxc5 Qxb2 18. Qe8+ Bf8 19. Ne5 Qc1+
20. Kh2 Qf4+ 21. Kg1 Bxh3 22. Qxa8 Qg5 23. g3 Qc1+ 24. Kh2 Qf1 0-1

[Event "9th Amplico Life Rapid"]
[Site "Warsaw POL"]
[Date "2009.12.19"]
[Round "5"]
[White "Warakomski,T"]
[Black "Najbar,Mar"]
[Result "1-0"]
[WhiteElo "2485"]
[BlackElo "2222"]
[EventDate "2009.12.19"]

1. e4 c5 2. Nf3 e6 3. d3 Nc6 4. g3 g6 5. Bg2 Bg7 6. O-O Nge7 7. Re1 d5 8.
e5 b6 9. h4 h6 10. Bf4 Bb7 11. c3 Qc7 12. Qe2 O-O-O 13. a4 Kb8 14. Na3 a6
15. Rab1 d4 16. Nc4 g5 17. hxg5 Ng6 18. Bd2 hxg5 19. Bxg5 Rd7 20. b4 dxc3
21. bxc5 bxc5 22. Rec1 Ka7 23. Rxc3 Rb8 24. Rcb3 Na5 25. Nxa5 Qxa5 26. d4
cxd4 27. Nxd4 Nxe5 28. Bf4 Bxg2 29. Rxb8 Rxd4 30. Kxg2 Qd5+ 31. f3 Nc4 32.
Be3 Nxe3+ 33. Qxe3 Bf6 34. R8b2 Ka8 35. Qh6 Bd8 36. Qc1 Qd7 37. Rb8+ Ka7
38. Qc5+ 1-0

[Event "9th Amplico Life Rapid"]
[Site "Warsaw POL"]
[Date "2009.12.19"]
[Round "5"]
[White "Shirov,A"]
[Black "Neiksans,A"]
[Result "1-0"]
[WhiteElo "2719"]
[BlackElo "2487"]
[EventDate "2009.12.19"]

1. e4 c5 2. Nf3 e6 3. d4 cxd4 4. Nxd4 a6 5. Bd3 Nc6 6. Nxc6 dxc6 7. Nd2 Qc7
8. O-O e5 9. f4 exf4 10. Nc4 g5 11. e5 Be6 12. Bd2 O-O-O 13. Ba5 Bc5+ 14.
Kh1 b6 15. Nd6+ Kb8 16. Bc3 Ne7 17. Ne4 Bd4 18. Nxg5 Bxe5 19. Nxe6 fxe6 20.
Bxe5 Qxe5 21. Qe1 Qd6 22. Qe4 Nd5 23. Rae1 Rhe8 24. Bxa6 e5 25. g3 Ne3 26.
Rf2 b5 27. a4 Qd5 28. Qxd5 Rxd5 29. gxf4 exf4 30. axb5 cxb5 31. Rxf4 Ka7
32. c4 bxc4 33. Bxc4 Rde5 34. Bd3 h6 35. Ra1+ Kb7 36. Rb4+ Kc6 37. Ra6+ Kc5
38. Rh4 h5 39. b4+ Kd5 40. Ra5+ Kc6 41. Rxh5 Rxh5 42. Rxh5 Rd8 43. Be2 Rd2
44. Bf3+ Kb6 45. Re5 Nf1 46. Be2 Rb2 47. Bxf1 Rxb4 48. Kg2 Kc6 49. Re3 Kd6
50. Kg3 Rb7 51. Bh3 Re7 52. Ra3 Ke5 53. Ra6 Re8 54. Bg4 Rd8 55. Re6+ Kd5
56. h4 1-0

[Event "9th Amplico Life Rapid"]
[Site "Warsaw POL"]
[Date "2009.12.19"]
[Round "5"]
[White "Mista,A"]
[Black "Vidarte Morales,A"]
[Result "1-0"]
[WhiteElo "2563"]
[BlackElo "2423"]
[EventDate "2009.12.19"]

1. e4 c5 2. Nf3 e6 3. d4 cxd4 4. Nxd4 a6 5. Bd3 Bc5 6. Nb3 Be7 7. O-O d6 8.
c4 Qc7 9. Re1 Nd7 10. Bf1 Ngf6 11. Nc3 b6 12. Bf4 O-O 13. Rc1 Bb7 14. a3
Ne5 15. Nd2 Ng6 16. Be3 Rac8 17. Qe2 Rfe8 18. f3 Bd8 19. Qf2 Nd7 20. b4 Qb8
21. Nb3 Bh4 22. g3 Bd8 23. Red1 Nge5 24. Na4 Nxc4 25. Bxc4 b5 26. Nac5 Nxc5
27. bxc5 bxc4 28. cxd6 Rc6 29. d7 Re7 30. Nc5 Qc7 31. Rxc4 f6 32. Qb2 Rb6
33. Rb4 Rxb4 34. Qxb4 Bc6 35. Nxa6 Qe5 36. Qb8 Qa5 37. Nc5 Kf7 38. Kg2 h5
39. Rd6 Ba8 40. Ra6 Qc3 41. Bf2 h4 42. gxh4 f5 43. Rxa8 fxe4 44. Qf4+ 1-0

[Event "9th Amplico Life Rapid"]
[Site "Warsaw POL"]
[Date "2009.12.19"]
[Round "5"]
[White "Zherebukh,Y"]
[Black "Brendel,O"]
[Result "1-0"]
[WhiteElo "2527"]
[BlackElo "2386"]
[EventDate "2009.12.19"]

1. e4 c5 2. Nf3 g6 3. d4 cxd4 4. Nxd4 Bg7 5. Nc3 Nc6 6. Be3 Nf6 7. Bc4 O-O
8. Bb3 d6 9. f3 Bd7 10. Qd2 Nxd4 11. Bxd4 b5 12. h4 a5 13. h5 a4 14. Bd5
Rb8 15. Bxf6 exf6 16. hxg6 hxg6 17. Rh6 g5 18. Rh5 Qe8 19. O-O-O b4 20. Ne2
b3 21. Nd4 bxa2 22. Bxa2 a3 23. bxa3 Qe5 24. Rdh1 Qc5 25. Bb3 Qxa3+ 26. Kd1
Ba4 27. Nf5 Rfe8 28. Rh7 Kf8 29. Rh8+ 1-0

[Event "9th Amplico Life Rapid"]
[Site "Warsaw POL"]
[Date "2009.12.19"]
[Round "5"]
[White "Szelag,M"]
[Black "Zubov,A UKR"]
[Result "0-1"]
[WhiteElo "2456"]
[BlackElo "2581"]
[EventDate "2009.12.19"]

1. e4 d6 2. d4 Nf6 3. Nc3 g6 4. f4 Bg7 5. Nf3 O-O 6. Be2 Na6 7. O-O c5 8.
Kh1 cxd4 9. Nxd4 Nc5 10. Bf3 a6 11. Be3 Qc7 12. Qe1 Bd7 13. Qh4 e5 14. Nb3
Na4 15. fxe5 dxe5 16. Nxa4 Bxa4 17. Bg5 Nd7 18. Be7 Rfe8 19. Rf2 Qb6 20.
Raf1 Bb5 21. Be2 Bxe2 22. Rxe2 f6 23. Ba3 Rad8 24. Qg4 Nf8 25. Nc5 Qc6 26.
Nd3 Ne6 27. Nb4 Qc4 28. b3 Qc5 29. c3 a5 30. Nc2 Qxc3 31. Ne3 Nf4 32. Ree1
b5 33. g3 Nd3 34. Re2 b4 35. Nd5 Rxd5 36. exd5 bxa3 37. Qd7 Qc8 38. Qb5 e4
39. d6 Qa8 40. d7 Rd8 41. Rc2 e3+ 42. Rg2 e2 43. Qxd3 exf1=Q+ 44. Qxf1 Rxd7
0-1

[Event "9th Amplico Life Rapid"]
[Site "Warsaw POL"]
[Date "2009.12.19"]
[Round "5"]
[White "Jaroch,K"]
[Black "Urban,K"]
[Result "0-1"]
[WhiteElo "2242"]
[BlackElo "2478"]
[EventDate "2009.12.19"]

1. e4 c6 2. d4 d5 3. exd5 cxd5 4. Bd3 Nc6 5. Nf3 Bg4 6. c3 Qc7 7. O-O e6 8.
h3 Bh5 9. Re1 Bd6 10. b4 Nge7 11. a4 Bg6 12. Ba3 O-O 13. Bxg6 hxg6 14. Nbd2
Rac8 15. Re3 Nf5 16. Rd3 Rfd8 17. Nf1 Bf4 18. g3 Bd6 19. h4 Qe7 20. Bc1 a5
21. b5 Nb8 22. N1h2 Nd7 23. Ng4 f6 24. Ngh2 Qf7 25. Nd2 Nb6 26. Nb3 Nc4 27.
Nf3 Rd7 28. g4 Ne7 29. Nfd2 b6 30. Rh3 Rdc7 31. Nxc4 Rxc4 32. Bd2 e5 33.
Qf3 e4 34. Qg2 f5 35. h5 f4 36. hxg6 Qxg6 37. Rh5 Kf7 38. f3 e3 39. Be1 Rf8
40. Nc1 Rcc8 41. Bh4 Rxc3 42. Bxe7 Kxe7 43. Rxd5 Rc2 44. Qf1 Qe6 45. Rxd6
Kxd6 46. Qh3 e2 0-1

[Event "9th Amplico Life Rapid"]
[Site "Warsaw POL"]
[Date "2009.12.19"]
[Round "5"]
[White "Likavsky,T"]
[Black "Kurpiewski,S"]
[Result "1-0"]
[WhiteElo "2476"]
[BlackElo "2212"]
[EventDate "2009.12.19"]

1. d4 Nf6 2. c4 e6 3. Nc3 Bb4 4. Qc2 d5 5. a3 Bxc3+ 6. Qxc3 O-O 7. Nf3 Nbd7
8. e3 b6 9. b4 c5 10. Be2 Bb7 11. O-O Rc8 12. dxc5 bxc5 13. Bb2 Nb6 14.
cxd5 Na4 15. Qb3 Nxb2 16. dxe6 c4 17. Qxb2 fxe6 18. Rac1 Bd5 19. Ne5 Ne4
20. Bxc4 Rxc4 21. Nxc4 Qg5 22. f3 Nf6 23. Qe2 h5 24. e4 Ba8 25. Qd2 Qg6 26.
Ne5 Qe8 27. Qg5 Qb5 28. Rc5 Qb6 29. Rfc1 Bb7 30. Kh1 Rd8 31. h4 Ne8 32.
Qxh5 Qd6 33. Qf7+ Kh8 34. Qxe8+ Rxe8 35. Nf7+ Kh7 36. Nxd6 1-0

[Event "9th Amplico Life Rapid"]
[Site "Warsaw POL"]
[Date "2009.12.19"]
[Round "5"]
[White "Paehtz,E"]
[Black "Rudnicki,M"]
[Result "1/2-1/2"]
[WhiteElo "2480"]
[BlackElo "2221"]
[EventDate "2009.12.19"]

1. e4 c5 2. Nf3 d6 3. d4 cxd4 4. Nxd4 Nf6 5. Nc3 g6 6. Be3 Bg7 7. f3 Nc6 8.
Bc4 O-O 9. Qd2 Nd7 10. Bb3 Nb6 11. h4 Na5 12. Qe2 Nxb3 13. axb3 d5 14. exd5
Nxd5 15. Nxd5 Qxd5 16. O-O-O Qa5 17. Kb1 Bd7 18. h5 e5 19. b4 Qa4 20. Nb3
Be6 21. hxg6 fxg6 22. Bc5 Rfe8 23. g4 b6 24. Be3 Rac8 25. Nc1 Qxb4 26. Qh2
e4 27. Qxh7+ Kf8 28. Rd4 Qc5 29. Rh2 Bg8 30. Qxg6 Bxd4 31. Bh6+ Ke7 32.
Bg5+ Kd7 33. Rd2 Kc7 34. c3 Bxc3 35. Rc2 Kb7 36. Rxc3 Qd4 37. Be3 Qd7 38.
Rxc8 Qxc8 39. fxe4 Qc6 40. Qg7+ Qc7 41. Qd4 Bh7 42. Qd5+ Kb8 43. Ka1 Rxe4
44. Bd2 Ra4+ 45. Na2 a5 46. Bc3 Ka7 47. b3 Rxg4 48. Kb2 Rh4 49. Be5 Qc2+
50. Ka3 Qc5+ 51. Qxc5 bxc5 52. Nc3 Bd3 53. Bd6 c4 54. b4 Ka6 55. b5+ Kb7
56. Ka4 Rh1 57. Kxa5 Rc1 58. Kb4 Rc2 59. Na4 Bf1 60. Be7 Rc1 61. Nc3 Rc2
62. Na4 Rg2 63. Bf6 Rg6 64. Nc5+ Kc8 65. Be5 Rg5 66. b6 Bg2 67. Bd4 Bd5 68.
b7+ Kc7 69. Be5+ Rxe5 70. b8=Q+ Kxb8 71. Nd7+ 1/2-1/2

[Event "9th Amplico Life Rapid"]
[Site "Warsaw POL"]
[Date "2009.12.19"]
[Round "5"]
[White "Heberla,B"]
[Black "Cajbel,M"]
[Result "1-0"]
[WhiteElo "2515"]
[BlackElo "2226"]
[EventDate "2009.12.19"]

1. e4 c5 2. Nc3 e6 3. f4 Nc6 4. Nf3 g6 5. d4 d5 6. e5 h5 7. Be3 cxd4 8.
Nxd4 Nh6 9. Bd3 Nxd4 10. Bxd4 Nf5 11. Bxf5 gxf5 12. Qd2 Bd7 13. O-O-O Qa5
14. Kb1 O-O-O 15. Qf2 Kb8 16. Ne2 Rc8 17. Nc1 Ba4 18. Nb3 Bxb3 19. axb3 Bc5
20. c3 Bxd4 21. Rxd4 Qb6 22. Kc2 Rhg8 23. Rhd1 Rc5 24. R1d2 Rb5 25. R4d3
Rxb3 26. Qxb6 Rxb6 27. Rh3 Rc6 28. Rxh5 Rcc8 29. Rh7 Rcf8 30. g3 Rh8 31.
Rxh8 Rxh8 32. Kd3 Kc7 33. Ke3 a5 34. Kf3 b5 35. h4 Kc6 36. Ke3 Kc5 37. Kd3
Rg8 38. Rg2 b4 39. h5 Rh8 40. Rh2 Rh6 41. Rh1 b3 42. Rh2 a4 43. Rh1 Kb5 44.
Kd4 a3 45. bxa3 Ka4 46. c4 dxc4 47. Kxc4 Kxa3 48. Ra1+ Kb2 49. Re1 Rxh5 50.
Re3 Kc2 51. Rxb3 Rh3 52. Rd3 Rh7 53. Rd7 Rg7 54. Kc5 Rxg3 55. Rxf7 Kd3 56.
Kd6 Ke4 57. Kxe6 Ra3 58. Kf6 Kxf4 59. Rb7 Kg4 60. Rg7+ Kf4 61. Rg1 Ke4 62.
Re1+ Kd5 63. e6 1-0

[Event "9th Amplico Life Rapid"]
[Site "Warsaw POL"]
[Date "2009.12.19"]
[Round "5"]
[White "Lewtak,Da"]
[Black "Jakubowski,K"]
[Result "1-0"]
[WhiteElo "1939"]
[BlackElo "2502"]
[EventDate "2009.12.19"]

1. e4 c5 2. Nf3 d6 3. d4 cxd4 4. Qxd4 a6 5. Be3 Bg4 6. Be2 Nc6 7. Qb6 Nf6
8. Nc3 Qxb6 9. Bxb6 Rc8 10. a3 g6 11. O-O-O Bh6+ 12. Kb1 Nd7 13. Be3 Bxe3
14. fxe3 Nde5 15. h3 Bd7 16. Nd5 f6 17. b3 Nd8 18. Nxe5 fxe5 19. Nb6 Rc7
20. Nxd7 Rxd7 21. Rhf1 Rf8 22. Rxf8+ Kxf8 23. c4 Rc7 24. Bg4 a5 25. Kb2 b6
26. Rd5 h5 27. Bf3 Ne6 28. Kc3 Rc6 29. b4 Nc7 30. Rd1 b5 31. Be2 a4 32. Rc1
d5 33. exd5 Nxd5+ 34. Kd2 bxc4 35. Bxc4 Nb6 36. Bb5 Rxc1 37. Kxc1 h4 38.
Kd2 e6 39. Kd3 Ke7 40. e4 g5 41. Kc3 Kd6 42. Be8 Ke7 43. Bg6 Kd6 44. Bh5
Na8 45. Kc4 Kc6 46. Be8+ 1-0

[Event "9th Amplico Life Rapid"]
[Site "Warsaw POL"]
[Date "2009.12.19"]
[Round "5"]
[White "Aleksandrov,A"]
[Black "Zgadzaj,R"]
[Result "1-0"]
[WhiteElo "2617"]
[BlackElo "2243"]
[EventDate "2009.12.19"]

1. d4 g6 2. c4 f5 3. Nc3 Nf6 4. Nh3 Bg7 5. Nf4 O-O 6. h4 d6 7. d5 Qe8 8. h5
Nxh5 9. Nxh5 gxh5 10. e3 e5 11. dxe6 Bxe6 12. Nd5 Qf7 13. Qxh5 Qxh5 14.
Rxh5 Na6 15. Ne7+ Kf7 16. Nxf5 Bxf5 17. Rxf5+ Ke6 18. Rxf8 Rxf8 19. Bd3 h5
20. Ke2 Nc5 21. Bc2 a5 22. Rb1 a4 23. Bd2 b5 24. cxb5 Rb8 25. b4 axb3 26.
Bxb3+ Nxb3 27. Rxb3 Ra8 28. a3 Kd5 29. Kd3 Kc5 30. e4 d5 31. Bb4+ Kb6 32.
exd5 Rd8 33. Kc4 Re8 34. Re3 Rg8 35. Rg3 1-0

[Event "9th Amplico Life Rapid"]
[Site "Warsaw POL"]
[Date "2009.12.19"]
[Round "5"]
[White "Dworakowska,J"]
[Black "Gajewski,G"]
[Result "1-0"]
[WhiteElo "2361"]
[BlackElo "2561"]
[EventDate "2009.12.19"]

1. e4 c5 2. Nf3 Nc6 3. d4 cxd4 4. Nxd4 Qb6 5. Nb3 Nf6 6. Nc3 e6 7. Bd3 a6
8. O-O d6 9. Bd2 Be7 10. Kh1 Qc7 11. f4 b5 12. a3 O-O 13. Rf3 b4 14. Ne2
bxa3 15. bxa3 Bb7 16. Rh3 Ng4 17. Be1 Qb6 18. Ng3 Nf6 19. e5 dxe5 20. Bxh7+
Nxh7 21. Qh5 f5 22. Qxh7+ Kf7 23. Qh5+ Kg8 24. Qh7+ Kf7 25. Nh5 Rg8 26. Rg3
Bf6 27. Qg6+ Ke7 28. Nxf6 Rgf8 29. Nh7 Rg8 30. Rd3 Nd4 31. fxe5 Bd5 32.
Rxd4 Rac8 33. Bb4+ 1-0

[Event "9th Amplico Life Rapid"]
[Site "Warsaw POL"]
[Date "2009.12.19"]
[Round "6"]
[White "Gashimov,V"]
[Black "Zubov,A UKR"]
[Result "1/2-1/2"]
[WhiteElo "2758"]
[BlackElo "2581"]
[EventDate "2009.12.19"]

1. e4 d6 2. Nc3 g6 3. f4 Bg7 4. Nf3 Nf6 5. Bc4 O-O 6. d3 c5 7. O-O Nc6 8.
Kh1 e6 9. Bb3 Na5 10. Qe1 Nxb3 11. axb3 b6 12. Qh4 Nh5 13. Qxd8 Rxd8 14. e5
f5 15. exd6 Rxd6 16. Nb5 Rd7 17. Re1 Re7 18. Nd6 Nf6 19. Bd2 Ne8 20. Nc4
Bb7 21. Nfe5 Bd5 22. Bc3 Nc7 23. Na3 Bb7 24. Kg1 Nd5 25. Bd2 Bh6 26. g3 Rd8
27. Kf2 Bg7 28. Re2 Bf6 29. Rae1 Kg7 30. Bc1 h6 31. Nf3 Kf7 32. Nc4 Nb4 33.
Nce5+ Kg7 34. Rd1 Bxf3 35. Nxf3 Kf7 36. h3 Nc6 37. g4 Nd4 38. Nxd4 cxd4 39.
Rf1 Bh4+ 40. Kf3 Rc8 41. Rg1 Rec7 42. Rgg2 Rc5 43. Rh2 Ra5 44. Rhg2 Rac5
1/2-1/2

[Event "9th Amplico Life Rapid"]
[Site "Warsaw POL"]
[Date "2009.12.19"]
[Round "6"]
[White "Schmidt,Wl"]
[Black "Derieux,C"]
[Result "1-0"]
[WhiteElo "2395"]
[BlackElo "2112"]
[EventDate "2009.12.19"]

1. d4 Nf6 2. c4 c5 3. d5 e6 4. Nc3 exd5 5. cxd5 d6 6. Nf3 g6 7. Nd2 Nbd7 8.
e4 Bg7 9. Be2 O-O 10. O-O Re8 11. a4 Ne5 12. Qc2 g5 13. Ra3 Nfd7 14. Nd1
Nf8 15. Rg3 Nfg6 16. Ne3 Nf4 17. Bb5 Bd7 18. Ndc4 Nh5 19. Nxd6 Nxg3 20.
hxg3 Re7 21. Nef5 Bxf5 22. Nxf5 Rc7 23. d6 Rcc8 24. Ne7+ Kh8 25. Nxc8 Rxc8
26. f4 Ng4 27. e5 f6 28. Qf5 Nh6 29. Qe6 fxe5 30. fxe5 1-0

[Event "9th Amplico Life Rapid"]
[Site "Warsaw POL"]
[Date "2009.12.19"]
[Round "6"]
[White "Dragun,K"]
[Black "Warakomski,T"]
[Result "1-0"]
[WhiteElo "2284"]
[BlackElo "2485"]
[EventDate "2009.12.19"]

1. e4 g6 2. d4 Bg7 3. Nc3 c6 4. Be3 d5 5. e5 f6 6. Nf3 Nh6 7. Qd2 Nf7 8.
exf6 exf6 9. Bd3 Bg4 10. h4 Bxf3 11. gxf3 f5 12. O-O-O Qf6 13. Rde1 O-O 14.
h5 Nd7 15. hxg6 hxg6 16. Reg1 Rfe8 17. Ne2 Nf8 18. Nf4 Rad8 19. Rg2 Rd7 20.
Rhg1 Nh8 21. Ne2 Nf7 22. Nf4 Nh8 23. Ne2 Ne6 24. c3 b6 25. Bf4 Nxf4 26.
Nxf4 Bh6 27. Kc2 Qd6 28. Bxf5 Bxf4 29. Bxg6 Bxd2 30. Bxe8+ Kh7 31. Bxd7
Qxd7 32. Kxd2 Qh3 33. Rg7+ Kh6 34. Rg8 Nf7 35. R1g6+ Kh5 36. Rf6 Qh4 37.
Rxf7 Qxf2+ 38. Kd3 Qf1+ 39. Ke3 Qc1+ 40. Kf2 Qxb2+ 41. Kg3 Qb1 42. Rfg7 Kh6
43. Rg4 Qe1+ 44. Kf4 Kh7 45. R4g7+ Kh6 46. Rg2 Qh4+ 47. R8g4 Qh3 48. Rg6+
Kh7 49. Rg7+ 1-0

[Event "9th Amplico Life Rapid"]
[Site "Warsaw POL"]
[Date "2009.12.19"]
[Round "6"]
[White "Wandzik,W"]
[Black "Narmontas,M"]
[Result "1/2-1/2"]
[WhiteElo "2092"]
[BlackElo "2370"]
[EventDate "2009.12.19"]

1. e4 c5 2. Nf3 e6 3. d4 cxd4 4. Nxd4 Qb6 5. Nc3 Bc5 6. Na4 Qa5+ 7. c3 Bxd4
8. Qxd4 Nf6 9. Nc5 Nc6 10. Qd6 b6 11. Nb3 Nxe4 12. Qxc6 dxc6 13. Nxa5 bxa5
14. Be3 e5 15. O-O-O Be6 16. Ba6 Rb8 17. Bxa7 Ra8 18. Bb7 Rxa7 19. Bxc6+
Ke7 20. Bxe4 Bxa2 21. Bd5 Bxd5 22. Rxd5 f6 23. Kc2 Ke6 24. Rhd1 Rb8 25. Rd8
Rb6 26. Ra1 Rb5 27. b4 Rc7 28. bxa5 Ra7 29. a6 Rb6 30. Kd3 Rbxa6 31. Rxa6+
Rxa6 32. Rc8 Ra2 33. Ke3 g5 34. g4 Rc2 35. Rc6+ Kd5 36. Rc7 h6 37. Kf3 Rc1
38. h3 Rg1 39. Rd7+ Ke6 40. Rh7 Rc1 41. Rxh6 Rxc3+ 42. Kg2 e4 43. h4 gxh4
44. Rxh4 Rf3 45. Rh5 f5 46. gxf5+ Rxf5 47. Rh6+ Ke5 48. Rh3 Rg5+ 49. Kf1
Kf4 50. Ke2 Rg4 51. Rh8 Rg5 52. Rh4+ Rg4 1/2-1/2

[Event "9th Amplico Life Rapid"]
[Site "Warsaw POL"]
[Date "2009.12.19"]
[Round "6"]
[White "Vovk,Y"]
[Black "Kuraszkiewicz,M"]
[Result "0-1"]
[WhiteElo "2546"]
[BlackElo "2299"]
[EventDate "2009.12.19"]

1. e4 e6 2. d4 d5 3. Nc3 Bb4 4. e5 c5 5. a3 Bxc3+ 6. bxc3 Qc7 7. Nf3 b6 8.
Bb5+ Bd7 9. Bd3 Ba4 10. dxc5 bxc5 11. O-O Ne7 12. Re1 Nd7 13. Ng5 h6 14.
Qh5 g6 15. Qg4 hxg5 16. Qxa4 c4 17. Bf1 Kf8 18. Be3 Nxe5 19. Be2 g4 20. g3
Nf3+ 21. Bxf3 gxf3 22. Bd4 Rh5 23. Rab1 e5 24. Be3 Qc8 0-1

[Event "9th Amplico Life Rapid"]
[Site "Warsaw POL"]
[Date "2009.12.19"]
[Round "6"]
[White "Dziuba,M"]
[Black "Dworakowska,J"]
[Result "1/2-1/2"]
[WhiteElo "2573"]
[BlackElo "2361"]
[EventDate "2009.12.19"]

1. d4 Nf6 2. c4 g6 3. Nc3 Bg7 4. e4 d6 5. h3 e5 6. d5 Nbd7 7. Bg5 h6 8. Be3
Nc5 9. Bd3 Nh5 10. Bc2 Nf4 11. Kf1 a5 12. g3 Nh5 13. Kg2 O-O 14. Qd2 Kh7
15. Nge2 f5 16. exf5 Bxf5 17. Bxf5 gxf5 18. f4 Rg8 19. Qc2 Qf6 20. fxe5 Qg6
21. Rhg1 Bxe5 22. Kh1 Rae8 23. Bf2 Ne4 24. Nxe4 fxe4 25. Raf1 Nf6 26. g4 e3
27. Qxg6+ Rxg6 28. Bh4 Ne4 29. b3 Nc3 30. Rg2 Nxa2 31. Rf3 Nb4 32. Rxe3 Rf8
33. Rf2 Rxf2 34. Bxf2 Rf6 35. Kg2 Kg6 36. Re4 Nd3 37. Bh4 Rf7 38. Re3 Nc5
39. Be1 a4 40. bxa4 Nxa4 41. Bg3 Nb6 42. c5 Nxd5 43. Rb3 Bxg3 44. Kxg3 Re7
45. cxd6 cxd6 46. Kf2 Nf6 47. Nf4+ Kg5 48. Kf3 Ne4 49. h4+ Kf6 50. Rd3 Re5
51. Rd4 Nc5 52. Rxd6+ Kg7 53. Nh5+ Kh7 54. Rd8 Re7 55. Nf6+ Kg6 56. Nd5 Rd7
57. Nf4+ Kh7 58. Rc8 Nd3 59. Nh5 Rf7+ 60. Kg3 Ne5 61. Nf4 Rg7 62. g5 hxg5
63. Ne6 gxh4+ 64. Kxh4 Re7 65. Ng5+ Kg7 66. Kg3 Ng6 67. Kg4 Rd7 68. Ne4 Re7
1/2-1/2

[Event "9th Amplico Life Rapid"]
[Site "Warsaw POL"]
[Date "2009.12.19"]
[Round "6"]
[White "Czarnota,P"]
[Black "Hracek,Z"]
[Result "0-1"]
[WhiteElo "2528"]
[BlackElo "2624"]
[EventDate "2009.12.19"]

1. e4 c5 2. Nf3 d6 3. d4 cxd4 4. Nxd4 Nf6 5. Nc3 e6 6. Be2 Be7 7. O-O O-O
8. f4 Nc6 9. Be3 Bd7 10. Nb3 a6 11. a4 Rc8 12. a5 Nb4 13. Bb6 Qe8 14. Bd3
e5 15. Qd2 Nxd3 16. cxd3 Be6 17. Nc1 exf4 18. N1e2 Nd7 19. Nxf4 Nxb6 20.
axb6 Bg5 21. Ra5 Qd8 22. Kh1 Bxf4 23. Qxf4 Qxb6 24. Rg5 f6 25. Rg3 Qd4 26.
h3 Rc6 27. Qh6 Rf7 28. Ne2 Qxb2 29. Nf4 Rc1 30. Rxc1 Qxc1+ 31. Kh2 Bd7 32.
Qh4 Qc5 33. Nd5 Qd4 34. Qf4 Qe5 35. Qe3 Bc6 36. d4 Qe8 37. Nc3 f5 38. Qf4
fxe4 39. Qxd6 Rd7 40. Qc5 Qe7 41. Qf5 Rxd4 42. Ne2 Rd8 43. Nf4 Rf8 44. Qg4
Bd7 0-1